Matteo Salvini - Statistics

Statistiche generali
  • Questo quiz è stato fatto 36 volte
  • Il punteggio medio è 5 su 7
Statistiche sulle risposte
Anni Carica ricoperta % Corretto
2018- Senatore
88%
2008-2009 Deputato
81%
2013-2013 Deputato
81%
2018-2019 Ministro dell'interno
78%
2004-2006 Europarlamentare
59%
2009-2018 Europarlamentare
59%
2018-2019 Vicepresidente del consiglio dei ministri
44%
Nessun quiz corrispondente trovato
Distribuzione punteggi
Percentuale di utenti per punteggio
Percentile per numero di risposta
I tuoi punteggi nel tempo
Non hai fatto questo quiz